00658nam a2200241 a 4500001001300000003000900013005001700022008004100039020001000080082001300090100002000103245002800123260003900151300000900190500003500199505001000234650002300244700002000267902000800287942000700295952009700302999001700399nice12345678IN_TiNIC20260116015138.0050524s1916 n. a grp 000 0 eng  ac10000a230bRUS aRussel, Charles aDivine Plan of the Ages aN. JerseybDawn Publicationsc1916 a358p aincludes index and biblioraphy2 aIndex aChristian-Theology1 aRussel, Charles bSRS cBK 00104070aHMIbHMId2007-06-12g100.00l0o230 RUSp11000137r2026-01-16w2026-01-16yARB c18488d18488